LEADER 01342nam2-2200397---450- 001 990003226360203316 005 20091109112019.0 010 $a0-12-268201-7 (vol.1) 010 $a0-12-268202-5 (vol.2) 035 $a000322636 035 $aUSA01000322636 035 $a(ALEPH)000322636USA01 035 $a000322636 100 $a20090423d197576--km-y0itay0103----ba 101 $aeng 102 $aUS 105 $a||||||||001yy 200 1 $aStochastic differential equations and applications$fAvner Friedman 210 $aNew York$cAcademic Press$dcopyr. 1975-76 215 $a2 v. XIII, 528 p.$cill.$d23 cm 225 2$aProbability and mathematical statistics$ea series of monographs and textbooks$v28 410 1$1001000334549$12001$aProbability and mathematical statistics$v28 606 $aProcessi stocastici 676 $a519.2 700 1$aFRIEDMAN,$bAvner$026273 801 0$aIT$bsalbc$gISBD 912 $a990003226360203316 951 $a510 PMS 28/1 (A)$b2262/CBS$c510$d00112194 951 $a510 PMS 28/1 (B)$b16926/CBS$c510$d00112193 951 $a510 PMS 28/2$b2263/CBS$c510$d00112192 959 $aBK 969 $aSCI 979 $aRSIAV7$b90$c20090423$lUSA01$h1229 979 $aRSIAV6$b90$c20091109$lUSA01$h1120 996 $aStochastic differential equations and applications$9332408 997 $aUNISA LEADER 00863nam0-22002891i-450 001 990001751680403321 005 20190423131003.0 035 $a000175168 035 $aFED01000175168 035 $a(Aleph)000175168FED01 035 $a000175168 100 $a20030910d1989----km-y0itay50------ba 101 0 $aita 102 $aIT 200 1 $a<>ricerca in agricoltura$eprogrammi elementari in BASIC per l'elaborazione dei dati$fRenzo Landi 210 $aFirenze$cIstituto Agronomico per l'Oltremare$d1989 215 $a126 p.$d24 cm 610 0 $aAgricoltura$aInformatica 676 $a630.2085$v23$zita 700 1$aLandi,$bRenzo$0353946 801 0$aIT$bUNINA$gRICA$2UNIMARC 901 $aBK 912 $a990001751680403321 952 $a60 630.208 LANR 1989$b2716$fFAGBC 959 $aFAGBC 996 $aRicerca in agricoltura$9363315 997 $aUNINA